000
00276nam a22001217a 4500
008
181019b xxu||||| |||| 00| 0 eng d
041
_a
eng
080
_a
617
100
_a
8
101
_a
ORT
245
_a
Spinal Disorders Diagnosis and Treatment
_c
Ruge,D
942
_2
udc
_c
BK
999
_c
50215
_d
50215